00557nam a2200157Ia 4500008004000000082001700040100002000057245001400077260003900091300000700130650001800137690001900155906001100174999001900185952019500204210210b2003 xxu||||| |||| 00| 0 eng d a891.461 KAMP aKAMATH (Pi Ji). aPovallim. aCherumukkubPustak Prakashanc2003 a70 aKonkani Poems aKonkani Poetry a058608 c105787d105787 001040708Konkani LiteratureaALbALcKonkani Literatured2021-02-17eKonkani Language & Cultural Foundation, Mangaloreg70.00l0o891.461 KAMPp058608r2021-02-17 00:00:00w2021-02-17yBK